[Event "Lutèce Echecs 2 - Meaux Beauval"]
[Site "Lutéce Echecs"]
[Date "2008.10.19"]
[Round "1.2"]
[White "Lupu, Sergiu"]
[Black "Thomas, Ludovic"]
[Result "1-0"]
[WhiteElo "2435"]
[BlackElo "2206"]
[WhiteCountry "Meaux Beauval"]
[BlackCountry "Lutèce Echecs"]
[EventDate "2008.10.19"]

1. c4 Nf6 2. g3 c6 3. Bg2 d5 4. Qc2 e5 5. Nf3 e4 6. Nd4 a6 7. O-O Be7 8. cxd5
cxd5 9. b3 Bd7 10. d3 Nc6 11. Nxc6 Bxc6 12. dxe4 Nxe4 13. Bb2 Bf6 14. Nd2 Bxb2
15. Qxb2 Qf6 16. Qxf6 Nxf6 17. Nf3 O-O 18. Rfc1 Rac8 19. Rc2 Bd7 20. Rac1 Rxc2
21. Rxc2 Rc8 22. Rxc8+ Bxc8 23. Ne5 Kf8 24. f4 Ke7 25. Kf2 Be6 26. Ke3 Ne8
27. Kd4 Nc7 28. Kc5 Nb5 29. a4 Nc3 30. Bf3 f6 31. Nd3 Ne4+ 32. Kb6 Nd2 33. Kxb7
Nxf3 34. exf3 d4 35. Kxa6 Bxb3 36. Kb5 Bc2 37. Nb2 Kd7 38. a5 Kc7 39. Kc4 Kb7
40. Kxd4 Ka6 41. Nc4 Bd1 42. Nd6 Kxa5 43. Ne8 Kb6 44. Nxg7 Bxf3 45. Ne8 1-0

[Event "Lutèce Echecs 2 - Meaux Beauval"]
[Site "Lutèce Echecs"]
[Date "2008.10.19"]
[Round "1.3"]
[White "Lamorelle, Julien"]
[Black "Luce, Sébastien"]
[Result "0-1"]
[WhiteElo "2174"]
[BlackElo "2333"]
[WhiteCountry "Lutèce Echecs"]
[BlackCountry "Meaux Beauval"]
[EventDate "2008.10.19"]

1. e4 d6 2. d4 Nf6 3. Nc3 c6 4. Nf3 Bg4 5. a4 e6 6. Bd3 d5 7. O-O Be7 8. exd5
cxd5 9. h3 Bh5 10. Bb5+ Nfd7 11. Qd3 a6 12. Bxd7+ Nxd7 13. Ne2 Bg6 14. Qb3 Qb6
15. Qxb6 Nxb6 16. c3 Nd7 17. Bg5 Be4 18. Bxe7 Bxf3 19. gxf3 Kxe7 20. Nf4 Kd6
21. Nd3 a5 22. f4 f6 23. Kg2 Rag8 24. Kf3 g5 25. fxg5 Rxg5 26. Rg1 Rhg8 27. Rg3
e5 28. Kg2 Nf8 29. Re1 e4 30. Nf4 Ng6 31. Nxg6 R5xg6 32. c4 f5 33. c5+ Kc7
34. Kh2 f4 35. Rxg6 Rxg6 36. Rb1 h5 37. h4 Rg4 38. Kh3 f3 39. b4 axb4 40. Rxb4
Rg2 41. Rb6 Rxf2 42. Kg3 Rg2+ 43. Kf4 f2 0-1

[Event "Lutèce Echecs 2 - Meaux Beauval"]
[Site "Lutèce Echecs"]
[Date "2008.10.19"]
[Round "1.4"]
[White "Rrhioua, Tarik"]
[Black "Carré, Sylvain"]
[Result "1-0"]
[WhiteElo "2290"]
[BlackElo "2069"]
[WhiteCountry "Meaux Beauval"]
[BlackCountry "Lutèce Echecs"]
[EventDate "2008.10.19"]

1. c4 e6 2. Nc3 d5 3. e3 Nf6 4. Nf3 Be7 5. b3 O-O 6. Bb2 c5 7. d4 Nc6 8. Be2
cxd4 9. exd4 Qa5 10. O-O Rd8 11. c5 Ne4 12. Rc1 e5 13. Nxe5 Nxe5 14. dxe5 Nxf2
15. Kxf2 Bxc5+ 16. Kf3 Qb4 17. h3 Qh4 18. Na4 g5 19. Rc4 g4+ 20. Rxg4+ Bxg4+
21. hxg4 Bf8 22. Rh1 Qg5 23. Rh5 Qg6 24. Bd3 Qc6 25. Bxh7+ Kg7 26. e6+ d4+
27. Be4 Qxe6 28. Bxd4+ f6 29. Rg5+ Kf7 30. Bg6+ Kg7 31. Bf5+ 1-0

[Event "Lutèce Echecs 2 - Meaux Beauval"]
[Site "Lutèce Echecs"]
[Date "2008.10.19"]
[Round "1.5"]
[White "Radovanovic, Nicolas"]
[Black "Strugnell, Carl"]
[Result "0-1"]
[WhiteElo "2029"]
[BlackElo "2194"]
[WhiteCountry "Lutèce Echecs"]
[BlackCountry "Meaux Beauval"]
[EventDate "2008.10.19"]

1. e4 c5 2. c3 g6 3. d4 cxd4 4. cxd4 d5 5. exd5 Nf6 6. Bb5+ Bd7 7. Bc4 b5
8. Bb3 Bg4 9. Qd3 a6 10. Nc3 Bg7 11. Nf3 b4 12. Ne4 Nxd5 13. Ba4+ Bd7 14. Bxd7+
Nxd7 15. Qc4 N7b6 16. Qc6+ Qd7 17. Qxd7+ Nxd7 18. O-O O-O 19. Bg5 h6 20. Bh4 f5
21. Nc5 Nxc5 22. dxc5 g5 23. Rad1 Rfd8 24. Bxg5 hxg5 25. Nxg5 Nc7 26. b3 Bf6
27. h4 Bxg5 28. hxg5 Ne6 29. Rde1 Kf7 30. Re5 Nd4 31. Rfe1 e6 32. Rc1 Rac8
33. Rc4 Nc6 34. Re3 Rd4 35. g6+ Kf6 36. Rxd4 Nxd4 37. Rd3 Rd8 38. Kf1 Kxg6
39. Rg3+ Kf6 40. Rh3 Rc8 41. Rh4 Ke5 42. f4+ Ke4 43. g4 fxg4 44. Rxg4 Rxc5 0-1

[Event "Lutèce Echecs 2 - Meaux Beauval"]
[Site "Lutèce Echecs"]
[Date "2008.10.19"]
[Round "1.6"]
[White "Faby, Fabrice"]
[Black "Fageot, Julien"]
[Result "1-0"]
[WhiteElo "2156"]
[BlackElo "2022"]
[WhiteCountry "Meaux Beauval"]
[BlackCountry "Lutèce Echecs"]
[EventDate "2008.10.19"]

1. c4 c5 2. g3 Nc6 3. Bg2 g6 4. Nc3 Bg7 5. Rb1 d6 6. a3 a5 7. e3 Nf6 8. Nge2
Bf5 9. d3 Qd7 10. h3 e5 11. Nd5 Rb8 12. e4 Be6 13. Bh6 O-O 14. Nxf6+ Bxf6
15. Bxf8 Kxf8 16. Qd2 Bg7 17. h4 h5 18. O-O Kg8 19. f3 b5 20. b3 b4 21. a4 Kh7
22. Kh2 f6 23. Ng1 Bh6 24. Qf2 Rf8 25. Bh3 Nd4 26. Bxe6 Nxe6 27. Ne2 f5 28. Qg2
f4 29. g4 Qe7 30. Qh3 g5 31. Rg1 gxh4 32. gxh5 Ng5 33. Qg4 Qf7 34. Rbf1 h3
35. Qh4 Rg8 36. Rg4 Ne6 37. Rfg1 Rxg4 38. Rxg4 Ng7 39. Qxh3 Nxh5 40. Rh4 1-0

[Event "Lutèce Echecs 2 - Meaux Beauval"]
[Site "Lutèce Echecs"]
[Date "2008.10.19"]
[Round "1.7"]
[White "de Poléon, Darius"]
[Black "Leloup, Emmanuel"]
[Result "0-1"]
[WhiteElo "2013"]
[BlackElo "2047"]
[WhiteCountry "Lutèce Echecs"]
[BlackCountry "Meaux Beauval"]
[EventDate "2008.10.19"]

1. Nf3 d5 2. d4 c6 3. Bg5 h6 4. Bh4 Qb6 5. b3 Bf5 6. e3 e6 7. Bd3 Be7 8. O-O
Bxd3 9. Qxd3 Bxh4 10. Nxh4 Nf6 11. Nd2 O-O 12. f4 Nbd7 13. Nhf3 c5 14. Ne5 Rac8
15. Rf3 Rc7 16. Rg3 Rfc8 17. Nxf7 Kxf7 18. Qg6+ Ke7 19. Qxg7+ Kd6 20. Qf7 Rf8
21. dxc5+ Qxc5 22. Qg6 Rg8 23. Qd3 Rxg3 24. hxg3 Qxc2 25. Qd4 Qc3 26. Nc4+ Rxc4
27. bxc4 Qxd4 28. exd4 dxc4 29. Kf2 Kd5 30. Re1 Kxd4 31. Rxe6 Kd3 32. Rd6+ Kc2
33. Ke3 c3 34. Rd4 a5 35. a4 Kb3 36. f5 Nc5 37. Rd6 c2 38. Rb6+ Kc3 39. Rxf6
c1=Q+ 40. Kf3 Qd1+ 41. Kf4 Qd4+ 0-1

[Event "Lutèce Echecs 2 - Meaux Beauval"]
[Site "Lutèce Echecs"]
[Date "2008.10.19"]
[Round "1.8"]
[White "Culcer, Ioana"]
[Black "Bounya, Myriam"]
[Result "0-1"]
[WhiteElo "1410"]
[BlackElo "1817"]
[WhiteCountry "Meaux Beauval"]
[BlackCountry "Lutèce Echecs"]
[EventDate "2008.10.19"]

1. d4 Nf6 2. c4 c5 3. d5 b5 4. cxb5 a6 5. b6 d6 6. Nc3 g6 7. Bg5 Bg7 8. Qd2
O-O 9. Bxf6 Bxf6 10. e4 Nd7 11. Bd3 Ne5 12. Rd1 Qxb6 13. Na4 Nxd3+ 14. Ke2 Qb5
15. Nc3 Bxc3 16. bxc3 Nb2+ 17. Ke1 Nxd1 18. Qxd1 a5 19. Qc2 Ba6 20. Ne2 Rab8
21. Rg1 Qb1+ 22. Qc1 Qxe4 23. Qd2 Rb1+ 24. Qd1 0-1

[Event "Reims - Limeil-Brévannes"]
[Site "Reims"]
[Date "2008.11.22"]
[Round "2.1"]
[White "Camus, Bérenger"]
[Black "Calistri, Tristan"]
[Result "1/2-1/2"]
[WhiteElo "2187"]
[BlackElo "2361"]
[WhiteCountry "Reims Echec et Mat"]
[BlackCountry "Limeil Brévannes"]
[EventDate "2008.11.22"]

1. d4 Nf6 2. c4 g6 3. Nc3 Bg7 4. e4 d6 5. Nf3 O-O 6. Be2 e5 7. Be3 Nbd7 8. O-O
Re8 9. d5 Nh5 10. Ne1 Nf4 11. Bg4 h5 12. Bxd7 Bxd7 13. Nd3 Qg5 14. g3 Nh3+
15. Kg2 Qe7 16. Qd2 f5 17. f3 Rf8 18. exf5 Bxf5 19. Ne4 b6 20. Ndf2 Qd7 21. Qe2
Rae8 22. Kh1 Nxf2+ 23. Rxf2 Bxe4 24. fxe4 Rxf2 25. Bxf2 Bh6 26. Kg2 1/2-1/2

[Event "Reims - Limeil Brévannes"]
[Site "Reims"]
[Date "2008.11.22"]
[Round "2.2"]
[White "Thély, Ludovic"]
[Black "Oudot, Jean-Baptiste"]
[Result "0-1"]
[WhiteElo "2133"]
[BlackElo "2104"]
[WhiteCountry "Limeil-Brévannes"]
[BlackCountry "Reims Echec et Mat"]
[EventDate "2008.11.22"]

1. d4 d5 2. c4 c6 3. Nf3 Nf6 4. Nc3 e6 5. Bg5 dxc4 6. e4 b5 7. e5 h6 8. Bh4 g5
9. exf6 gxh4 10. Ne5 Qxf6 11. a4 Bb7 12. axb5 c5 13. Be2 cxd4 14. Qxd4 Bg7
15. Rxa7 Qg5 16. Rxb7 Bxe5 17. Qxc4 Ra1+ 18. Bd1 O-O 19. O-O h3 20. g3 Qd2
21. Qg4+ Kh8 22. Qe2 Bxc3 23. bxc3 Qd5 24. Qf3 Rxd1 25. Qf6+ Kg8 0-1

[Event "Reims - Limeil Brévannes"]
[Site "Reims"]
[Date "2008.11.22"]
[Round "2.3"]
[White "Varoquier, Romain"]
[Black "Champault, Pierre-Emmanuel"]
[Result "1-0"]
[WhiteElo "2075"]
[BlackElo "2195"]
[WhiteCountry "Reims Echec et Mat"]
[BlackCountry "Limeil Brévannes"]
[EventDate "2008.11.22"]

1. e4 d5 2. exd5 Nf6 3. d4 Nxd5 4. c4 Nb6 5. Nf3 Bg4 6. Be2 e6 7. Nc3 Be7
8. Be3 O-O 9. h3 Bh5 10. g4 Bg6 11. Ne5 N8d7 12. Nxg6 hxg6 13. Qd2 c5 14. dxc5
Bxc5 15. Bxc5 Nxc5 16. b4 Qxd2+ 17. Kxd2 Rfd8+ 18. Kc2 Ncd7 19. Rhd1 Ne5
20. Kb3 Nc6 21. c5 Nd7 22. b5 Ne7 23. Na4 Rac8 24. Rac1 Nd5 25. Bf3 Ne5
26. Bxd5 exd5 27. f4 Nc4 28. Rd3 b6 29. c6 a6 30. Kb4 axb5 31. Kxb5 Ra8
32. Rxc4 dxc4 33. Rxd8+ Rxd8 34. Kxc4 Rc8 35. Kb5 Kf8 36. Nxb6 Rc7 37. Nd5 Rc8
38. c7 Ke8 39. Kb6 1-0

[Event "Reims - Limeil Brévannes"]
[Site "Reims"]
[Date "2008.11.22"]
[Round "2.4"]
[White "Lam, Sophie"]
[Black "Todorova, Maya"]
[Result "1-0"]
[WhiteElo "2062"]
[BlackElo "2020"]
[WhiteCountry "Limeil Brévannes"]
[BlackCountry "Reims Echec et Mat"]
[EventDate "2008.11.22"]

1. e4 d6 2. d4 e5 3. Nf3 exd4 4. Nxd4 Nf6 5. Nc3 Be7 6. Bd3 O-O 7. O-O Nc6
8. Nxc6 bxc6 9. h3 Re8 10. f4 Bf8 11. Qf3 Nd7 12. Be3 d5 13. e5 Bc5 14. Bxc5
Nxc5 15. Rae1 Qh4 16. Ne2 Nxd3 17. Qxd3 a5 18. Qc3 Bd7 19. Nd4 Ra6 20. f5 Qh6
21. Rf3 Rd8 22. e6 fxe6 23. fxe6 Be8 24. Ref1 Bg6 25. Rg3 Rf8 26. Rxf8+ Kxf8
27. Qc5+ Kg8 28. Qe7 Ra8 29. Nf5 Qc1+ 30. Kh2 Qxb2 31. c3 1-0

[Event "Reims - Limeil Brévannes"]
[Site "Reims"]
[Date "2008.11.22"]
[Round "2.5"]
[White "Billon, Olivier"]
[Black "Guez, Fabien"]
[Result "1-0"]
[WhiteElo "2016"]
[BlackElo "2118"]
[WhiteCountry "Reims Echec et Mat"]
[BlackCountry "Limeil Brévannes"]
[EventDate "2008.11.22"]

1. e4 e6 2. d4 d5 3. Nc3 Bb4 4. e5 c5 5. a3 Bxc3+ 6. bxc3 Ne7 7. h4 Qa5 8. Bd2
Nbc6 9. h5 cxd4 10. cxd4 Qa4 11. Nf3 Nxd4 12. Bd3 Nec6 13. Kf1 Nxf3 14. Qxf3 b6
15. Qg3 Ba6 16. Qxg7 O-O-O 17. Qxf7 Rhf8 18. Qxe6+ Kb8 19. Re1 Qxc2 20. Bxa6
Qxd2 21. f3 Qc3 22. Qg4 Qxa3 23. Bb5 Rg8 24. Qf4 Rdf8 25. Qe3 Qb2 26. Qe2 Qxe2+
27. Rxe2 Nd4 28. Rb2 Rg5 29. Bd3 h6 30. Rh4 Ne6 31. Re2 Nf4 32. Rxf4 Rxf4
33. e6 Rf8 34. e7 Re8 35. Bg6 Rxg6 36. hxg6 Kc7 37. f4 Kd7 38. g7 Rg8 39. e8=Q+
1-0

[Event "Reims - Limeil Brévannes"]
[Site "Reims"]
[Date "2008.11.22"]
[Round "2.6"]
[White "Le Dortz, Anthony"]
[Black "Castanier, Carl"]
[Result "0-1"]
[WhiteElo "2109"]
[BlackElo "1969"]
[WhiteCountry "Limeil Brévannes"]
[BlackCountry "Reims Echec et Mat"]
[EventDate "2008.11.22"]

1. d4 d5 2. Nc3 Nf6 3. Bg5 Bf5 4. Bxf6 exf6 5. e4 dxe4 6. Qe2 Nc6 7. O-O-O Be7
8. Nxe4 O-O 9. f3 a6 10. g4 Bg6 11. h4 h6 12. d5 Ne5 13. Bg2 Re8 14. f4 Nxg4
15. Qxg4 f5 16. Qh3 fxe4 17. f5 Bh7 18. Bxe4 Bc5 19. Qg4 Qf6 20. Nf3 h5
21. Qxh5 Rxe4 22. Ng5 Qxf5 23. Rhf1 Be3+ 24. Kb1 Rf4 25. Qe2 Bg6 26. Rxf4 Qxf4
27. Re1 Bc5 28. Rf1 Qe3 29. Qg4 Re8 30. Rc1 Qe2 31. Qa4 Qb5 32. Qg4 Ba3 33. Qd4
Bc5 34. Qg4 Bb4 35. Ka1 Qxd5 36. Qxb4 c5 37. Qg4 f6 38. Nh3 Qd2 39. Qf4 Re3
40. Qb8+ Kh7 0-1

[Event "Reims - Limeil Brévannes"]
[Site "Reims"]
[Date "2008.11.22"]
[Round "2.7"]
[White "Garcia, Gilles"]
[Black "Etienney, Marc"]
[Result "1-0"]
[WhiteElo "1999"]
[BlackElo "1983"]
[WhiteCountry "Reims Echec et Mat"]
[BlackCountry "Limeil Brévannes"]
[EventDate "2008.11.22"]

1. d4 f5 2. Nc3 Nf6 3. Bg5 d5 4. e3 e6 5. Bd3 c5 6. Nf3 c4 7. Be2 Bb4 8. O-O
Bxc3 9. bxc3 O-O 10. Qb1 Qe8 11. Nd2 a5 12. f3 h6 13. Bf4 Qc6 14. Be5 Nbd7
15. e4 fxe4 16. fxe4 Nxe5 17. dxe5 Qc5+ 18. Kh1 Nxe4 19. Rxf8+ Kxf8 20. Nxe4
dxe4 21. Qf1+ Kg8 22. Bh5 Qc7 23. Rd1 b5 24. Bf7+ Kh8 25. Be8 Qxe5 26. Qf8+ Kh7
27. Bf7 Bb7 28. Rd8 Rxd8 29. Qxd8 h5 30. h4 g6 31. Qg8+ Kh6 1-0

[Event "Reims - Limeil Brévannes"]
[Site "Reims"]
[Date "2008.11.22"]
[Round "2.8"]
[White "Charbonnel, Eric"]
[Black "Desanlis, Anne-Sophie"]
[Result "1/2-1/2"]
[WhiteElo "1820"]
[BlackElo "1924"]
[WhiteCountry "Limeil Brévannes"]
[BlackCountry "Reims Echec et Mat"]
[EventDate "2008.11.22"]

1. d4 d5 2. g3 Nf6 3. Bg2 e6 4. Nf3 Be7 5. O-O O-O 6. Nbd2 Nbd7 7. c4 c5
8. cxd5 exd5 9. dxc5 Nxc5 10. Nb3 Nfe4 11. Be3 Be6 12. Nfd4 Rc8 13. Rc1 b6
14. Nxe6 fxe6 15. f3 Nxb3 16. Rxc8 Qxc8 17. fxe4 Rxf1+ 18. Kxf1 Qf8+ 19. Kg1 d4
20. Bf2 Na5 21. Bxd4 Nc6 22. Bc3 Bc5+ 23. Kh1 Qf2 24. Qe1 Qe3 25. Bd2 Qd4
26. Bc3 Qe3 27. Bd2 Qd4 28. Bc3 1/2-1/2

[Event "Canal Saint Martin - Tours de Haute Picardie 2"]
[Site "Chauny"]
[Date "2008.11.22"]
[Round "2.1"]
[White "Bon, Mickaël"]
[Black "Derigny, Philippe"]
[Result "1-0"]
[WhiteElo "2266"]
[BlackElo "2007"]
[BlackCountry "Canal Saint-Martin"]
[EventDate "Tours de Haute Picardie 2"]

1. e4 d6 2. d4 Nf6 3. Nc3 g6 4. Be3 Bg7 5. Qd2 h6 6. Nf3 c6 7. Bd3 Nbd7 8. e5
Ng8 9. e6 Nf8 10. exf7+ Kxf7 11. O-O-O Qa5 12. h3 b5 13. Kb1 Be6 14. d5 Bxd5
15. Nxd5 Qxd2 16. Rxd2 cxd5 17. Bxb5 e6 18. c4 Ne7 19. cxd5 exd5 20. Bf4 Rd8
21. Re1 Ne6 22. Rde2 Nxf4 23. Rxe7+ Kg8 24. Rxa7 Rf8 25. g3 Ng2 26. Ree7 Rh7
27. Bc6 d4 28. Bd5+ Kh8 29. Nxd4 Rxf2 30. Kc1 Bxd4 31. Re8+ 1-0

[Event "Canal Saint-Martin - Tours de Haute Picardie 2"]
[Site "Chauny"]
[Date "2008.11.22"]
[Round "2.2"]
[White "Godart, François"]
[Black "Petitpas, Franck"]
[Result "1-0"]
[WhiteElo "2012"]
[BlackElo "2165"]
[WhiteCountry "Tours de Haute Picardie 2"]
[BlackCountry "Canal Saint-Martin"]
[EventDate "2008.11.22"]

1. d4 d6 2. c4 e5 3. Nf3 e4 4. Nfd2 f5 5. e3 Nf6 6. Nc3 Be7 7. Be2 O-O 8. O-O
c6 9. f3 d5 10. fxe4 dxe4 11. c5 Kh8 12. b4 Be6 13. Bc4 Bxc4 14. Nxc4 Nd5
15. Bd2 Na6 16. Ne5 Rf6 17. Nxe4 Rf8 18. Qh5 Qe8 19. Rxf5 Qxh5 20. Rxh5 Kg8
21. a3 Nac7 22. Rf1 Rfe8 23. Nf7 b6 24. Ned6 Rf8 25. e4 Nf6 26. Rg5 Ne6
27. Nh6+ Kh8 28. Ndf7+ Rxf7 29. Nxf7+ Kg8 30. Nh6+ Kf8 31. Rg3 Nxd4 32. Rd3 Rd8
33. Kh1 Ke8 34. Nf5 bxc5 35. Nxe7 c4 36. Nxc6 cxd3 37. Nxd8 Nxe4 38. Rf4 Nb3
39. Rxe4+ Kxd8 40. Re3 1-0

[Event "Canal Saint Martin - Tours de Haute Picardie 2"]
[Site "Chauny"]
[Date "2008.11.22"]
[Round "2.3"]
[White "Nuding, Matthias"]
[Black "Deneuville, Ludovic"]
[Result "1-0"]
[WhiteElo "2133"]
[BlackElo "1976"]
[WhiteCountry "Canal Saint-Martin"]
[BlackCountry "Tours de Haute Picardie 2"]
[EventDate "2008.11.22"]

1. c4 d6 2. g3 Nf6 3. Bg2 Nc6 4. Nc3 e5 5. d3 h6 6. a3 Be6 7. Nd5 Be7 8. e3
Qd7 9. Ne2 O-O 10. Nec3 Rab8 11. O-O Rfe8 12. b4 Nd8 13. Bb2 c6 14. Nxf6+ Bxf6
15. Ne4 Be7 16. Rc1 Rc8 17. f4 exf4 18. exf4 d5 19. Nf2 dxc4 20. dxc4 Qxd1
21. Rfxd1 f5 22. Re1 Bd6 23. c5 Bc7 24. Nd3 Nf7 25. Re3 Bd7 26. Rce1 Rxe3
27. Rxe3 Re8 28. Kf2 Rxe3 29. Kxe3 Kf8 30. Bf3 g6 31. Bd4 a6 32. Bf6 Ke8
33. Kd4 Bd8 34. Bxd8 Kxd8 35. h4 h5 36. Ne5 Nxe5 37. Kxe5 Ke7 38. a4 Be8 39. b5
a5 40. b6 Bd7 41. Be2 Be6 42. Ba6 Bc8 43. Bc4 Bd7 44. Bg8 Bc8 45. Bh7 Be6
46. Bxg6 Bb3 47. Bxf5 Bxa4 48. Bc8 Bb3 49. Bxb7 a4 50. Kd4 1-0

[Event "Canal Saint-Martin - Tours de Haute Picardie 2"]
[Site "Chauny"]
[Date "2008.11.22"]
[Round "2.4"]
[White "Dumortier, Thierry"]
[Black "Gautier, Serge"]
[Result "0-1"]
[WhiteElo "1971"]
[BlackElo "2120"]
[WhiteCountry "Tours de Haute Picardie 2"]
[BlackCountry "Canal Saint-Martin"]
[EventDate "2008.11.22"]

1. e4 c5 2. Nf3 e6 3. d4 cxd4 4. Nxd4 Nc6 5. Nc3 Qc7 6. g3 a6 7. Bg2 d6 8. O-O
Bd7 9. Be3 Nf6 10. Rc1 Be7 11. h3 Rc8 12. g4 h6 13. Nde2 Ne5 14. b3 b5 15. Nb1
Bc6 16. f4 Ng6 17. Ng3 O-O 18. Nd2 Qa5 19. g5 hxg5 20. fxg5 Qc3 21. Qe2 Nd7
22. Nf3 d5 23. Bd4 Bc5 24. Bxc5 Qxc5+ 25. Kh1 Nf4 26. Qe1 Nxg2 27. Kxg2 Bb7
28. Kh2 Qc3 29. Qe2 dxe4 30. Nxe4 Qc7+ 31. Kh1 Qf4 32. Nfd2 Qxg5 33. Rg1 Qh6
34. Kh2 Nc5 35. Rcf1 Rfd8 36. Rxg7+ Kxg7 0-1

[Event "Canal Saint Martin - Tours de Haute Picardie 2"]
[Site "Chauny"]
[Date "2008.11.22"]
[Round "2.5"]
[White "Fillon, Damien"]
[Black "Saingier, Christophe"]
[Result "1-0"]
[WhiteElo "2095"]
[BlackElo "1817"]
[WhiteCountry "Canal Saint-Martin"]
[BlackCountry "Tours de Haute Picardie 2"]
[EventDate "2008.11.22"]

1. e4 c5 2. c3 Nc6 3. d4 cxd4 4. cxd4 d6 5. Nc3 g6 6. d5 Ne5 7. f4 Nd7 8. Qd4
f6 9. Be3 Nh6 10. Be2 Nf7 11. Nf3 Bg7 12. h4 Rg8 13. Qd2 Nb6 14. Nd4 Bd7
15. Ne6 Bxe6 16. dxe6 Nh8 17. Rc1 Rc8 18. Nb5 Rxc1+ 19. Qxc1 Qc8 20. Qxc8+ Nxc8
21. Nxa7 Nxa7 22. Bxa7 f5 23. Kd2 Bf6 24. Rc1 Kf8 25. Rc8+ Kg7 26. Rxg8+ Kxg8
27. b4 Bxh4 28. Bc4 Bg3 29. Ke3 Bh2 30. Kf3 fxe4+ 31. Kxe4 Bg3 32. b5 Be1
33. Bd5 h5 34. Bxb7 Ba5 35. Bd5 Kf8 36. Bd4 Kg8 37. b6 h4 38. b7 Bc7 39. a4 g5
40. f5 g4 41. Kf4 h3 42. gxh3 gxh3 43. Kg3 h2 44. Kxh2 Bb8 45. a5 1-0

[Event "Canal Saint Martin - Tours de Haute Picardie 2"]
[Site "Chauny"]
[Date "2008.11.22"]
[Round "2.6"]
[White "Spirta, Boris"]
[Black "Bellardi, Michel"]
[Result "0-1"]
[WhiteElo "1824"]
[BlackElo "2058"]
[WhiteCountry "Canal Saint-Martin"]
[BlackCountry "Tours de Haute Picardie 2"]
[EventDate "2008.11.22"]

1. e4 c5 2. Nf3 e6 3. d4 cxd4 4. Nxd4 Nc6 5. Nc3 Qc7 6. Be2 a6 7. O-O Nf6
8. Kh1 Bb4 9. Bf3 O-O 10. Nxc6 bxc6 11. Qd4 Qa5 12. Bd2 Qc5 13. Qxc5 Bxc5
14. Na4 Bd4 15. Bb4 Re8 16. Rad1 Ba7 17. c4 d5 18. e5 Nd7 19. Bd6 a5 20. c5 Ba6
21. Rfe1 Bb5 22. Nc3 Bxc5 23. Nxb5 cxb5 24. Be2 Bxd6 25. Bxb5 Nxe5 26. Bxe8
Rxe8 27. f4 Ng4 28. Rxd5 Bb4 29. Re2 Nf2+ 30. Kg1 Rc8 31. Rd7 Ng4 32. g3 h5
33. Kg2 Bc5 34. h3 Ne3+ 35. Kf3 Nd5 36. a3 Rb8 37. Rd2 Rb3+ 38. Kg2 Be3 39. Rc2
Bd4 40. Rc8+ Kh7 41. Rxf7 Bxb2 42. Re8 Rxa3 43. Rxe6 a4 44. Ra6 Ra2 45. f5 a3
46. Kf3 Ra1 47. Ra8 a2 48. Rff8 g5 49. Rf7+ Bg7 50. Raa7 Rf1+ 0-1

[Event "Canal Saint Martin - Tours de Haute Picardie 2"]
[Site "Chauny"]
[Date "2008.11.22"]
[Round "2.7"]
[White "Ayral, Vincent"]
[Black "Navel, Jean-Yves"]
[Result "0-1"]
[WhiteElo "1998"]
[BlackElo "1890"]
[WhiteCountry "Canal Saint-Martin"]
[BlackCountry "Tours de Haute Picardie 2"]
[EventDate "2008.11.22"]

1. Nf3 Nf6 2. g3 g6 3. Bg2 c5 4. O-O Bg7 5. c4 O-O 6. Nc3 d6 7. d4 cxd4
8. Nxd4 a6 9. e4 Qb6 10. Nde2 Nc6 11. h3 Bd7 12. Be3 Qa5 13. Nd5 Nxd5 14. cxd5
Ne5 15. Bd4 Bb5 16. Bc3 Qb6 17. Kh2 Rac8 18. a4 Bxe2 19. Qxe2 Nc4 20. Bxg7 Kxg7
21. Rab1 Qb4 22. b3 Nd2 23. Qe1 Nxf1+ 24. Bxf1 Qxe1 25. Rxe1 Rc2 26. Kg2 Rfc8
27. Re3 Rb2 28. Bc4 Rc5 29. g4 b5 30. axb5 axb5 31. Bf1 Rcc2 32. Rf3 b4 33. Bc4
Rc3 34. Rf4 Rbc2 35. e5 Rxc4 36. bxc4 b3 37. exd6 exd6 38. Rf3 b2 39. Rb3 Kf6
40. Rb7 Ke5 41. Kf3 Kd4 42. h4 Kxc4 43. Ke4 Kc3 44. Ke3 Kc4 45. Ke4 Rxf2
46. Ke3 Rh2 47. Ke4 Kc3 48. Ke3 Kc2 49. Rc7+ Kd1 50. Rb7 Kc1 51. Rc7+ Rc2 0-1

[Event "Canal Saint Martin - Tours de Haute Picardie 2"]
[Site "Chauny"]
[Date "2008.11.22"]
[Round "2.8"]
[White "Colnot, Elodie"]
[Black "Margez, Marlène"]
[Result "1-0"]
[WhiteElo "1490"]
[BlackElo "1220"]
[WhiteCountry "Tours de Haute Picardie 2"]
[BlackCountry "Canal Saint-Martin"]
[EventDate "2008.11.22"]

1. e4 e5 2. Nf3 Nc6 3. Bc4 Nf6 4. d3 Bc5 5. b3 d6 6. Bb5 Bd7 7. Bg5 a6 8. Bxc6
Bxc6 9. O-O Qe7 10. c4 O-O-O 11. Nc3 h6 12. Be3 Rd7 13. Nd5 Qe6 14. b4 Bxe3
15. Nxe3 b5 16. Rc1 Bb7 17. a4 bxc4 18. Nxc4 Kd8 19. Na5 Ba8 20. Nc6+ Bxc6
21. Rxc6 Ke7 22. Rxa6 h5 23. Ng5 Qg4 24. Qxg4 hxg4 25. f4 Nh5 26. fxe5 dxe5
27. Rxf7+ Ke8 28. Ra8+ 1-0

[Event "Saint Georges - Lutèce 2"]
[Site "Saint-Georges"]
[Date "2008.11.22"]
[Round "2.1"]
[White "Corbet, Laurent"]
[Black "Thomas, Ludovic"]
[Result "1-0"]
[WhiteElo "2275"]
[BlackElo "2206"]
[WhiteCountry "Saint-Georges"]
[BlackCountry "Lutèce 2"]
[EventDate "2008.11.22"]

1. e4 c5 2. Nc3 d6 3. g3 Nc6 4. Bg2 Nf6 5. d3 e5 6. f4 Nd4 7. Nce2 Be7 8. c3
Nxe2 9. Nxe2 h5 10. h3 Bd7 11. Be3 Bc6 12. O-O Qd7 13. c4 O-O-O 14. a3 Nh7
15. b4 b6 16. a4 f5 17. a5 g5 18. axb6 axb6 19. b5 Bb7 20. Ra7 gxf4 21. exf5
fxe3 22. Qa4 Bxg2 23. Kxg2 Qb7+ 24. Rxb7 Kxb7 25. Qa6+ Kc7 26. Qa7+ Kc8
27. Qa8+ Kd7 28. Qc6# 1-0

[Event "Saint Georges - Lutèce 2"]
[Site "Saint-Georges"]
[Date "2008.11.22"]
[Round "2.2"]
[White "Carré, Sylvain"]
[Black "Chevrier, Thomas"]
[Result "0-1"]
[WhiteElo "2069"]
[BlackElo "2193"]
[WhiteCountry "Lutèce 2"]
[BlackCountry "Saint-Georges"]
[EventDate "2008.11.22"]

1. c4 Nf6 2. d4 c5 3. d5 b5 4. cxb5 a6 5. e3 g6 6. Nc3 Bg7 7. Bc4 d6 8. f3
Nbd7 9. Nge2 O-O 10. bxa6 Ne5 11. Bb5 Qb6 12. O-O Bxa6 13. a4 Bxb5 14. Nxb5
Nfd7 15. Nec3 c4 16. b3 Rfc8 17. b4 Nd3 18. a5 Qb7 19. Ba3 Nf6 20. e4 Ne8
21. Qa4 Nc7 22. Ra2 Nxb5 23. Nxb5 Rcb8 24. Rc2 Qxb5 25. Qxb5 Rxb5 26. Rxc4 Rab8
27. Rd1 Nxb4 28. Rb1 Nd3 29. Rc8+ Rxc8 30. Rxb5 Bd4+ 31. Kf1 Rc2 0-1

[Event "Saint Georges - Lutèce 2"]
[Site "Saint-Georges"]
[Date "2008.11.22"]
[Round "2.3"]
[White "Truchot, Baptiste"]
[Black "Radovanovic, Nicolas"]
[Result "1/2-1/2"]
[WhiteElo "2133"]
[BlackElo "2029"]
[WhiteCountry "Saint-Georges"]
[BlackCountry "Lutèce 2"]
[EventDate "2008.11.22"]

1. e4 d6 2. d4 Nf6 3. Nc3 Nbd7 4. Nf3 e5 5. Be2 Be7 6. O-O O-O 7. dxe5 dxe5
8. a3 c6 9. Bc4 Qc7 10. Qe2 b5 11. Bb3 Nc5 12. Nd2 a5 13. Nd1 Ne6 14. Bxe6 Bxe6
15. Ne3 Rfd8 16. b3 Bc5 17. Bb2 Bd4 18. Bxd4 Rxd4 19. f3 Rad8 20. Rfd1 Qb6
21. Ndf1 Nh5 22. g3 Bh3 23. Qf2 Rxd1 24. Rxd1 Rxd1 25. Nxd1 Qxf2+ 26. Nxf2 Bxf1
27. Kxf1 Nf6 28. Nd3 Nd7 29. Ke2 Kf8 30. f4 f6 31. Ke3 Ke7 32. h4 Kd6 33. g4
Nc5 34. Nxc5 Kxc5 35. f5 h6 36. Kd3 Kd6 37. a4 Kc5 38. Kc3 Kb6 39. Kd3 Kc5
40. c3 Kb6 41. Kc2 Kc5 42. Kb2 bxa4 43. bxa4 Kc4 44. Kc2 h5 45. g5 1/2-1/2

[Event "Saint Georges - Lutèce Echecs 2"]
[Site "Saint-Georges"]
[Date "2008.11.22"]
[Round "2.4"]
[White "Fageot, Julien"]
[Black "Lalande, Jea,-Louis"]
[Result "1-0"]
[WhiteElo "2022"]
[BlackElo "2086"]
[WhiteCountry "Lutèce Echecs"]
[BlackCountry "Saint-Georges"]
[EventDate "2008.11.22"]

1. c4 e5 2. g3 Nc6 3. Bg2 d6 4. Nc3 f5 5. d3 Nf6 6. e3 g5 7. Nd5 g4 8. Ne2 Bg7
9. Nec3 a6 10. Bd2 O-O 11. h3 Be6 12. Nxf6+ Qxf6 13. Nd5 Qf7 14. hxg4 fxg4
15. Qe2 Rac8 16. Be4 Bf5 17. Bxf5 Qxf5 18. e4 Qg6 19. Be3 Kf7 20. Rh4 h5 21. f4
Ke8 22. f5 Qf7 23. O-O-O Rh8 24. Rdh1 Bh6 25. Bxh6 Rxh6 26. Rxh5 Rxh5 27. Rxh5
Qg7 28. Rh4 Nd4 29. Qxg4 Qxg4 30. Rxg4 Kf7 31. Rh4 Rg8 32. g4 c6 33. Rh7+ Kf8
34. Nf6 Rg7 35. Rxg7 Kxg7 1-0